[Event "Ceske Budejovice op-B"]
[Site "Ceske Budejovice"]
[Date "2020.07.05"]
[Round "5"]
[White "Trcka, Bohdan"]
[Black "Bara, Jan"]
[Result "1-0"]
[WhiteElo "1528"]
[BlackElo "1128"]
[PlyCount "91"]
[EventDate "2020.07.01"]
[EventType "swiss"]
[EventRounds "9"]
[EventCountry "CZE"]
[SourceTitle "CBM 197 Extra"]
[Source "ChessBase"]
[SourceDate "2020.09.30"]
[SourceVersion "1"]
[SourceVersionDate "2020.09.30"]
[SourceQuality "1"]

1. e4 e6 2. f4 c5 3. Be2 Nc6 4. c3 d5 5. e5 Nge7 6. d3 Ng6 7. g3 b6 8. h4 Bb7 9. h5 Nge7 10. Bf3 Nf5 11. g4 Nh4 12. Na3 a6 13. Nc2 d4 14. Be4 f5 15. exf6 Qxf6 16. g5 Qf7 17. Rxh4 Bd6 18. Nh3 0-0-0 19. Bxh7 Ne7 20. g6 Qf6 21. Ng5 dxc3 22. b3 e5 23. Qg4+ Rd7 24. Qe6 exf4 25. Qxf6 gxf6 26. g7 Re8 27. Ne4 Bxe4 28. dxe4 f3 29. Kf2 Ng8 30. h6 Ne7 31. Kxf3 Rdd8 32. Ne3 Be5 33. Bf5+ Nxf5 34. exf5 c2 35. Nxc2 Bxa1 36. Nxa1 Rd7 37. h7 Rxg7 38. h8Q Rxh8 39. Rxh8+ Kb7 40. Rf8 Rg1 41. Bb2 Rf1+ 42. Ke4 Rf2 43. Bxf6 Rxa2 44. Be5 Re2+ 45. Kd5 Rd2+ 46. Ke6 1-0